000 00422nam a22001337a 4500
008 170908b xxu||||| |||| 00| 0 eng d
082 _2May-Oct 2002
_aDPer 658.8005
_bSa3
245 _aSales and marketing management
260 _aNew York :
_bBill Comm.,
_cMay-Oct 2002.
300 _avolumes 154;
_c28 cm.
650 0 _922474
_aMarketing
_xPeriodicals.
650 0 _922475
_aSales management
_xPeriodicals.
942 _2ddc
_cPER
999 _c7408
_d7408